[Event "182nd Stay Safe Play From Home series"]
[Site "T#646404Emanuel Laske"]
[Date "2020.05.28"]
[Round "5"]
[White "SecantFX"]
[Black "KLIND"]
[Result "0-1"]
[WhiteElo "1899"]
[BlackElo "1999"]
[Annotator "NA"]
[PlyCount "132"]
[EventDate "2020.05.28"]
[EventType "swiss (blitz)"]

1. g3 {[%emt 0:00:01]} d5 {[%emt 0:00:01]} 2. Bg2 {[%emt 0:00:00]} Nf6 {[%emt 0:00:01]} 3. f4 {[%emt 0:00:00]} g6 {[%emt 0:00:02]} 4. Nf3 {[%emt 0:00:00]} Bg7 {[%emt 0:00:00]} 5. e3 {[%emt 0:00:00]} O-O {[%emt 0:00:00]} 6. d4 {[%emt 0:00:00]} c6 {[%emt 0:00:01]} 7. c3 {[%emt 0:00:00]} Bg4 {[%emt 0:00:01]} 8. Nbd2 {[%emt 0:00:01]} Nbd7 {[%emt 0:00:01]} 9. O-O {[%emt 0:00:01]} h5 {[%emt 0:00:01]} 10. Qb3 {[%emt 0:00:01]} b5 {[%emt 0:00:02]} 11. Ne5 {[%emt 0:00:01]} Nxe5 {[%emt 0:00:01]} 12. fxe5 {[%emt 0:00:00]} Ne4 {[%emt 0:00:00]} 13. Nxe4 {[%emt 0:00:01]} dxe4 {[%emt 0:00:00]} 14. Bxe4 {[%emt 0:00:00]} Bh6 {[%emt 0:00:01]} 15. Bxc6 {[%emt 0:00:01]} Rb8 {[%emt 0:00:03]} 16. Qd5 {[%emt 0:00:02]} Qc7 {[%emt 0:00:04]} 17. Bxb5 {[%emt 0:00:03]} Rfd8 {[%emt 0:00:01]} 18. Qc4 {[%emt 0:00:03]} Qb7 {[%emt 0:00:03]} 19. Ba4 {[%emt 0:00:02]} Bh3 {[%emt 0:00:00]} 20. Rf2 {[%emt 0:00:01]} e6 {[%emt 0:00:05]} 21. Qe2 {[%emt 0:00:01]} Bg4 {[%emt 0:00:02]} 22. Qe1 {[%emt 0:00:02]} Qa6 {[%emt 0:00:01]} 23. Bb3 {[%emt 0:00:01]} Rxb3 {[%emt 0:00:01]} 24. axb3 {[%emt 0:00:01]} Qxa1 {[%emt 0:00:00]} 25. e4 {[%emt 0:00:02]} Qxc1 {[%emt 0:00:03]} 26. Qxc1 {[%emt 0:00:02]} Bxc1 {[%emt 0:00:00]} 27. Kg2 {[%emt 0:00:01]} Rc8 {[%emt 0:00:02]} 28. h3 {[%emt 0:00:00]} Bxh3+ {[%emt 0:00:05]} 29. Kxh3 {[%emt 0:00:01]} Rc7 {[%emt 0:00:01]} 30. Rc2 {[%emt 0:00:01]} Be3 {[%emt 0:00:01]} 31. Kg2 {[%emt 0:00:02]} Bxd4 {[%emt 0:00:01]} 32. Kf3 {[%emt 0:00:01]} Bb6 {[%emt 0:00:01]} 33. c4 {[%emt 0:00:01]} Rd7 {[%emt 0:00:01]} 34. b4 {[%emt 0:00:01]} Rd3+ {[%emt 0:00:01]} 35. Kg2 {[%emt 0:00:01]} Rd4 {[%emt 0:00:00]} 36. c5 {[%emt 0:00:01]} Rxb4 {[%emt 0:00:02]} 37. cxb6 {[%emt 0:00:02]} Rxb6 {[%emt 0:00:01]} 38. Kf3 {[%emt 0:00:00]} Kg7 {[%emt 0:00:01]} 39. Kf4 {[%emt 0:00:01]} Rb5 {[%emt 0:00:00]} 40. Ke3 {[%emt 0:00:02]} Rxe5 {[%emt 0:00:01]} 41. Kd4 {[%emt 0:00:00]} Rg5 {[%emt 0:00:00]} 42. Rc3 {[%emt 0:00:01]} Rg4 {[%emt 0:00:01]} 43. b3 {[%emt 0:00:01]} f5 {[%emt 0:00:00]} 44. Re3 {[%emt 0:00:01]} Rxe4+ {[%emt 0:00:01]} 45. Rxe4 {[%emt 0:00:00]} fxe4 {[%emt 0:00:00]} 46. Kxe4 {[%emt 0:00:00]} g5 {[%emt 0:00:00]} 47. Ke5 {[%emt 0:00:00]} h4 {[%emt 0:00:01]} 48. gxh4 {[%emt 0:00:00]} gxh4 {[%emt 0:00:00]} 49. Kxe6 {[%emt 0:00:01]} h3 {[%emt 0:00:00]} 50. Kd5 {[%emt 0:00:00]} h2 {[%emt 0:00:00]} 51. b4 {[%emt 0:00:00]} h1=Q+ {[%emt 0:00:00]} 52. Kc5 {[%emt 0:00:01]} Qb7 {[%emt 0:00:00]} 53. b5 {[%emt 0:00:00]} Qb6+ {[%emt 0:00:01]} 54. Kc4 {[%emt 0:00:00]} a6 {[%emt 0:00:00]} 55. bxa6 {[%emt 0:00:01]} Qxa6+ {[%emt 0:00:01]} 56. Kc5 {[%emt 0:00:00]} Qg6 {[%emt 0:00:00]} 57. Kd5 {[%emt 0:00:01]} Kf6 {[%emt 0:00:00]} 58. Kd4 {[%emt 0:00:01]} Qg5 {[%emt 0:00:00]} 59. Ke4 {[%emt 0:00:01]} Qh4+ {[%emt 0:00:00]} 60. Ke3 {[%emt 0:00:00]} Ke5 {[%emt 0:00:00]} 61. Kf3 {[%emt 0:00:00]} Qh3+ {[%emt 0:00:00]} 62. Kf2 {[%emt 0:00:01]} Kd4 {[%emt 0:00:01]} 63. Ke2 {[%emt 0:00:01]} Qg3 {[%emt 0:00:00]} 64. Kf1 {[%emt 0:00:01]} Qh2 {[%emt 0:00:00]} 65. Ke1 {[%emt 0:00:01]} Ke3 {[%emt 0:00:00]} 66. Kf1 {[%emt 0:00:00]} Qf2# {[%emt 0:00:01] (Lag: Av=0.31s, max=0.5s)} 0-1

[Event "182nd Stay Safe Play From Home series"]
[Site "T#646404Emanuel Laske"]
[Date "2020.05.28"]
[Round "6"]
[White "Lamborghini"]
[Black "Dj amir"]
[Result "0-1"]
[WhiteElo "2214"]
[BlackElo "2440"]
[PlyCount "122"]
[EventDate "2020.05.28"]
[EventType "swiss (blitz)"]

1. e4 {[%emt 0:00:02]} c5 {[%emt 0:00:00]} 2. Nf3 {[%emt 0:00:01]} e6 {[%emt 0:00:00]} 3. d4 {[%emt 0:00:01]} cxd4 {[%emt 0:00:00]} 4. Nxd4 {[%emt 0:00:00]} a6 {[%emt 0:00:00]} 5. Bd3 {[%emt 0:00:01]} Qc7 {[%emt 0:00:00]} 6. Qe2 {[%emt 0:00:01]} Nc6 {[%emt 0:00:01]} 7. Nxc6 {[%emt 0:00:01]} dxc6 {[%emt 0:00:00]} 8. e5 {[%emt 0:00:01]} Ne7 {[%emt 0:00:01]} 9. Nd2 {[%emt 0:00:01]} Ng6 {[%emt 0:00:00]} 10. Nf3 {[%emt 0:00:01]} c5 {[%emt 0:00:02]} 11. h4 {[%emt 0:00:02]} Bd7 {[%emt 0:00:03]} 12. h5 {[%emt 0:00:01]} Ne7 {[%emt 0:00:00]} 13. h6 {[%emt 0:00:01]} g6 {[%emt 0:00:01]} 14. Bg5 {[%emt 0:00:01]} Bc6 {[%emt 0:00:01]} 15. Bf6 {[%emt 0:00:01]} Rg8 {[%emt 0:00:00]} 16. Ng5 {[%emt 0:00:01]} O-O-O {[%emt 0:00:04]} 17. O-O-O {[%emt 0:00:02]} Nd5 {[%emt 0:00:04]} 18. Bxd8 {[%emt 0:00:02]} Qxd8 {[%emt 0:00:02]} 19. Ne4 {[%emt 0:00:01]} Qc7 {[%emt 0:00:03]} 20. Nd6+ {[%emt 0:00:03]} Bxd6 {[%emt 0:00:01]} 21. exd6 {[%emt 0:00:01]} Qxd6 {[%emt 0:00:01]} 22. g3 {[%emt 0:00:01]} Qc7 {[%emt 0:00:01]} 23. Be4 {[%emt 0:00:01]} Nb4 {[%emt 0:00:03]} 24. Bxc6 {[%emt 0:00:01]} Qxc6 {[%emt 0:00:00]} 25. a3 {[%emt 0:00:01]} Nd5 {[%emt 0:00:01]} 26. Qe5 {[%emt 0:00:01]} Qc7 {[%emt 0:00:01]} 27. Qxc7+ {[%emt 0:00:01]} Kxc7 {[%emt 0:00:00]} 28. Rhe1 {[%emt 0:00:01]} b5 {[%emt 0:00:01]} 29. Re4 {[%emt 0:00:01]} Rd8 {[%emt 0:00:01]} 30. c4 {[%emt 0:00:01]} bxc4 {[%emt 0:00:01]} 31. Rxc4 {[%emt 0:00:01]} Kb6 {[%emt 0:00:00]} 32. Rc2 {[%emt 0:00:02]} Kb5 {[%emt 0:00:01]} 33. Rcd2 {[%emt 0:00:01]} c4 {[%emt 0:00:01]} 34. Kc2 {[%emt 0:00:01]} a5 {[%emt 0:00:00]} 35. Rd4 {[%emt 0:00:01]} Kc5 {[%emt 0:00:01]} 36. Rg4 {[%emt 0:00:02]} a4 {[%emt 0:00:01]} 37. Re4 {[%emt 0:00:01]} Rd7 {[%emt 0:00:00]} 38. Rdd4 {[%emt 0:00:01]} Nb6 {[%emt 0:00:03]} 39. Rxd7 {[%emt 0:00:01]} Nxd7 {[%emt 0:00:00]} 40. Kc3 {[%emt 0:00:01]} Nb6 {[%emt 0:00:01]} 41. Re5+ {[%emt 0:00:01]} Nd5+ {[%emt 0:00:00]} 42. Kd2 {[%emt 0:00:01]} Kd4 {[%emt 0:00:00]} 43. Re1 {[%emt 0:00:01]} c3+ {[%emt 0:00:01]} 44. bxc3+ {[%emt 0:00:01]} Nxc3 {[%emt 0:00:00]} 45. Rc1 {[%emt 0:00:01]} Nb5 {[%emt 0:00:02]} 46. Ra1 {[%emt 0:00:03]} f5 {[%emt 0:00:01]} 47. Ke2 {[%emt 0:00:00]} Kc3 {[%emt 0:00:01]} 48. Rb1 {[%emt 0:00:01]} Nxa3 {[%emt 0:00:01]} 49. Rb7 {[%emt 0:00:00]} Nc4 {[%emt 0:00:01]} 50. Rxh7 {[%emt 0:00:00]} a3 {[%emt 0:00:01]} 51. Ra7 {[%emt 0:00:00]} Ne5 {[%emt 0:00:01]} 52. Rxa3+ {[%emt 0:00:01]} Kd4 {[%emt 0:00:01]} 53. h7 {[%emt 0:00:00]} f4 {[%emt 0:00:01]} 54. Ra7 {[%emt 0:00:00]} f3+ {[%emt 0:00:00]} 55. Kf1 {[%emt 0:00:01]} Ke4 {[%emt 0:00:00]} 56. h8=Q {[%emt 0:00:01]} Ng4 {[%emt 0:00:00]} 57. Qg7 {[%emt 0:00:01]} Kf5 {[%emt 0:00:00]} 58. Qf7+ {[%emt 0:00:01]} Kg5 {[%emt 0:00:01]} 59. Ra4 {[%emt 0:00:00]} Ne5 {[%emt 0:00:00]} 60. Qf4+ {[%emt 0:00:01]} Kh5 {[%emt 0:00:01]} 61. Qxe5+ {[%emt 0:00:00]} g5 {[%emt 0:00:00] Zeit (Lag: Av=0.38s, max=0.8s)} 0-1

[Event "182nd Stay Safe Play From Home series"]
[Site "T#646404Emanuel Laske"]
[Date "2020.05.28"]
[Round "6"]
[White "Rogan"]
[Black "little champs"]
[Result "1-0"]
[WhiteElo "2212"]
[BlackElo "2141"]
[PlyCount "35"]
[EventDate "2020.05.28"]
[EventType "swiss (blitz)"]

1. d4 {[%emt 0:00:03]} c6 {[%emt 0:00:00]} 2. c3 {[%emt 0:00:00]} d5 {[%emt 0:00:00]} 3. Nf3 {[%emt 0:00:00]} Nf6 {[%emt 0:00:00]} 4. Bg5 {[%emt 0:00:00]} g6 {[%emt 0:00:00]} 5. e3 {[%emt 0:00:01]} Bg7 {[%emt 0:00:00]} 6. Bd3 {[%emt 0:00:00]} O-O {[%emt 0:00:00]} 7. Nbd2 {[%emt 0:00:00]} Nbd7 {[%emt 0:00:01]} 8. h4 {[%emt 0:00:00]} h5 {[%emt 0:00:01]} 9. Ne5 {[%emt 0:00:02]} Nxe5 {[%emt 0:00:01]} 10. dxe5 {[%emt 0:00:00]} Nd7 {[%emt 0:00:01]} 11. f4 {[%emt 0:00:01]} f6 {[%emt 0:00:02]} 12. Bxg6 {[%emt 0:00:01]} fxg5 {[%emt 0:00:01]} 13. Qxh5 {[%emt 0:00:00]} Rxf4 {[%emt 0:00:11]} 14. exf4 {[%emt 0:00:02]} gxf4 {[%emt 0:00:01]} 15. O-O {[%emt 0:00:03]} Nxe5 {[%emt 0:00:01]} 16. Qh7+ {[%emt 0:00:02]} Kf8 {[%emt 0:00:01]} 17. Rxf4+ {[%emt 0:00:00]} Bf6 {[%emt 0:00:01]} 18. Qh8# {[%emt 0:00:04] (Lag: Av=0.62s, max=1.3s)} 1-0

[Event "182nd Stay Safe Play From Home series"]
[Site "T#646404Emanuel Laske"]
[Date "2020.05.28"]
[Round "6"]
[White "Weltszmerc"]
[Black "Broken sword"]
[Result "0-1"]
[WhiteElo "2032"]
[BlackElo "2480"]
[PlyCount "108"]
[EventDate "2020.05.28"]
[EventType "swiss (blitz)"]

1. d4 {[%emt 0:00:01]} d5 {[%emt 0:00:00]} 2. c4 {[%emt 0:00:00]} c6 {[%emt 0:00:00]} 3. Nf3 {[%emt 0:00:00]} Nf6 {[%emt 0:00:00]} 4. cxd5 {[%emt 0:00:00]} cxd5 {[%emt 0:00:01]} 5. g3 {[%emt 0:00:00]} Nc6 {[%emt 0:00:00]} 6. Bg2 {[%emt 0:00:00]} Bf5 {[%emt 0:00:00]} 7. O-O {[%emt 0:00:01]} e6 {[%emt 0:00:00]} 8. Qb3 {[%emt 0:00:01]} Qb6 {[%emt 0:00:01]} 9. Qxb6 {[%emt 0:00:01]} axb6 {[%emt 0:00:00]} 10. Nc3 {[%emt 0:00:00]} Bb4 {[%emt 0:00:01]} 11. Nb5 {[%emt 0:00:01]} O-O {[%emt 0:00:01]} 12. Bf4 {[%emt 0:00:02]} Rfc8 {[%emt 0:00:01]} 13. a3 {[%emt 0:00:01]} Be7 {[%emt 0:00:01]} 14. Nc7 {[%emt 0:00:01]} Ra4 {[%emt 0:00:03]} 15. Nb5 {[%emt 0:00:04]} Ra5 {[%emt 0:00:01]} 16. Nc7 {[%emt 0:00:02]} Be4 {[%emt 0:00:02]} 17. b4 {[%emt 0:00:02]} Ra4 {[%emt 0:00:02]} 18. Nb5 {[%emt 0:00:01]} Raa8 {[%emt 0:00:03]} 19. Rfc1 {[%emt 0:00:01]} Nd7 {[%emt 0:00:02]} 20. h4 {[%emt 0:00:03]} f6 {[%emt 0:00:00]} 21. Nc7 {[%emt 0:00:01]} Rxc7 {[%emt 0:00:02]} 22. Bxc7 {[%emt 0:00:01]} Kf7 {[%emt 0:00:00]} 23. Bf4 {[%emt 0:00:01]} Bxf3 {[%emt 0:00:01]} 24. Bxf3 {[%emt 0:00:02]} Nxd4 {[%emt 0:00:00]} 25. Rc3 {[%emt 0:00:03]} Nxf3+ {[%emt 0:00:02]} 26. exf3 {[%emt 0:00:01]} e5 {[%emt 0:00:00]} 27. Rc7 {[%emt 0:00:02]} Ke6 {[%emt 0:00:01]} 28. Be3 {[%emt 0:00:01]} d4 {[%emt 0:00:00]} 29. Bd2 {[%emt 0:00:02]} Rb8 {[%emt 0:00:00]} 30. b5 {[%emt 0:00:02]} Bd6 {[%emt 0:00:00]} 31. Rcc1 {[%emt 0:00:02]} Nc5 {[%emt 0:00:01]} 32. Bb4 {[%emt 0:00:01]} Kd5 {[%emt 0:00:01]} 33. Bxc5 {[%emt 0:00:01]} Bxc5 {[%emt 0:00:00]} 34. a4 {[%emt 0:00:00]} Ra8 {[%emt 0:00:00]} 35. Kf1 {[%emt 0:00:01]} f5 {[%emt 0:00:00]} 36. Ke2 {[%emt 0:00:00]} e4 {[%emt 0:00:00]} 37. fxe4+ {[%emt 0:00:00]} fxe4 {[%emt 0:00:00]} 38. Rd1 {[%emt 0:00:01]} Rf8 {[%emt 0:00:01]} 39. f4 {[%emt 0:00:01]} h6 {[%emt 0:00:01]} 40. Rac1 {[%emt 0:00:02]} g5 {[%emt 0:00:01]} 41. hxg5 {[%emt 0:00:01]} hxg5 {[%emt 0:00:00]} 42. Rf1 {[%emt 0:00:00]} d3+ {[%emt 0:00:01]} 43. Kd2 {[%emt 0:00:01]} Bb4+ {[%emt 0:00:01]} 44. Ke3 {[%emt 0:00:01]} Bc5+ {[%emt 0:00:01]} 45. Kd2 {[%emt 0:00:01]} gxf4 {[%emt 0:00:00]} 46. Rxf4 {[%emt 0:00:01]} Rh8 {[%emt 0:00:00]} 47. Kc3 {[%emt 0:00:02]} Bd4+ {[%emt 0:00:01]} 48. Kd2 {[%emt 0:00:01]} Rh2+ {[%emt 0:00:01]} 49. Kd1 {[%emt 0:00:00]} Be3 {[%emt 0:00:02]} 50. Rf5+ {[%emt 0:00:01]} Ke6 {[%emt 0:00:00]} 51. Rf1 {[%emt 0:00:01]} Rd2+ {[%emt 0:00:02]} 52. Ke1 {[%emt 0:00:01]} Re2+ {[%emt 0:00:00]} 53. Kd1 {[%emt 0:00:00]} Bxc1 {[%emt 0:00:00]} 54. Kxc1 {[%emt 0:00:00]} Rg2 {[%emt 0:00:00] Czas partii (Lag: Av=0.77s, max=1.2s)} 0-1

[Event "182nd Stay Safe Play From Home series"]
[Site "T#646404Emanuel Laske"]
[Date "2020.05.28"]
[Round "6"]
[White "KLIND"]
[Black "Greblah"]
[Result "0-1"]
[WhiteElo "2011"]
[BlackElo "1957"]
[Annotator "NA"]
[PlyCount "92"]
[EventDate "2020.05.28"]
[EventType "swiss (blitz)"]

1. e4 {[%emt 0:00:02]} c6 {[%emt 0:00:00]} 2. Nf3 {[%emt 0:00:02]} d5 {[%emt 0:00:00]} 3. exd5 {[%emt 0:00:01]} cxd5 {[%emt 0:00:01]} 4. d4 {[%emt 0:00:00]} Nc6 {[%emt 0:00:01]} 5. Bb5 {[%emt 0:00:01]} g6 {[%emt 0:00:01]} 6. Ne5 {[%emt 0:00:01]} Bd7 {[%emt 0:00:01]} 7. Bxc6 {[%emt 0:00:03]} Bxc6 {[%emt 0:00:01]} 8. Qf3 {[%emt 0:00:00]} Nf6 {[%emt 0:00:03]} 9. Bg5 {[%emt 0:00:01]} Bg7 {[%emt 0:00:01]} 10. O-O {[%emt 0:00:01]} O-O {[%emt 0:00:01]} 11. Nc3 {[%emt 0:00:01]} Ne4 {[%emt 0:00:01]} 12. Nxc6 {[%emt 0:00:03]} bxc6 {[%emt 0:00:04]} 13. Nxe4 {[%emt 0:00:01]} dxe4 {[%emt 0:00:01]} 14. Qxe4 {[%emt 0:00:00]} Qxd4 {[%emt 0:00:01]} 15. Qxd4 {[%emt 0:00:02]} Bxd4 {[%emt 0:00:01]} 16. c3 {[%emt 0:00:01]} Bg7 {[%emt 0:00:02]} 17. Bxe7 {[%emt 0:00:01]} Rfe8 {[%emt 0:00:01]} 18. Rfe1 {[%emt 0:00:01]} Rab8 {[%emt 0:00:02]} 19. Rab1 {[%emt 0:00:02]} Rb7 {[%emt 0:00:01]} 20. Ba3 {[%emt 0:00:02]} Rxe1+ {[%emt 0:00:04]} 21. Rxe1 {[%emt 0:00:00]} h5 {[%emt 0:00:01]} 22. Re8+ {[%emt 0:00:01]} Kh7 {[%emt 0:00:01]} 23. Re7 {[%emt 0:00:02]} Rb5 {[%emt 0:00:03]} 24. Rxf7 {[%emt 0:00:02]} Rd5 {[%emt 0:00:02]} 25. h4 {[%emt 0:00:01]} Kg8 {[%emt 0:00:01]} 26. Rxa7 {[%emt 0:00:01]} Rd1+ {[%emt 0:00:01]} 27. Kh2 {[%emt 0:00:01]} Rd2 {[%emt 0:00:00]} 28. Rc7 {[%emt 0:00:03]} Be5+ {[%emt 0:00:01]} 29. g3 {[%emt 0:00:01]} Bxc7 {[%emt 0:00:00]} 30. Bb4 {[%emt 0:00:01]} Rxf2+ {[%emt 0:00:01]} 31. Kg1 {[%emt 0:00:03]} Rxb2 {[%emt 0:00:00]} 32. Ba3 {[%emt 0:00:01]} Rxa2 {[%emt 0:00:01]} 33. Bc5 {[%emt 0:00:01]} Bxg3 {[%emt 0:00:01]} 34. Bd4 {[%emt 0:00:01]} Kf7 {[%emt 0:00:01]} 35. c4 {[%emt 0:00:01]} Bxh4 {[%emt 0:00:01]} 36. c5 {[%emt 0:00:01]} Bf6 {[%emt 0:00:01]} 37. Bf2 {[%emt 0:00:01]} Ke6 {[%emt 0:00:02]} 38. Bd4 {[%emt 0:00:01]} Bxd4+ {[%emt 0:00:01]} 39. Kf1 {[%emt 0:00:01]} Kd5 {[%emt 0:00:01]} 40. Ke1 {[%emt 0:00:00]} Kxc5 {[%emt 0:00:01]} 41. Kd1 {[%emt 0:00:00]} h4 {[%emt 0:00:01]} 42. Kc1 {[%emt 0:00:00]} h3 {[%emt 0:00:01]} 43. Kb1 {[%emt 0:00:00]} Rb2+ {[%emt 0:00:02]} 44. Kc1 {[%emt 0:00:00]} Rf2 {[%emt 0:00:01]} 45. Kd1 {[%emt 0:00:00]} h2 {[%emt 0:00:00]} 46. Ke1 {[%emt 0:00:00]} h1=Q# {[%emt 0:00:00] (Lag: Av=0.29s, max=0.7s)} 0-1

[Event "182nd Stay Safe Play From Home series"]
[Site "T#646404Emanuel Laske"]
[Date "2020.05.28"]
[Round "6"]
[White "Lazieri3"]
[Black "Castlingarrocco"]
[Result "1-0"]
[WhiteElo "1994"]
[BlackElo "1964"]
[Annotator "NA"]
[PlyCount "93"]
[EventDate "2020.05.28"]
[EventType "swiss (blitz)"]

1. e4 {[%emt 0:00:01]} a6 {[%emt 0:00:02]} 2. Nc3 {[%emt 0:00:00]} b5 {[%emt 0:00:00]} 3. d4 {[%emt 0:00:00]} Bb7 {[%emt 0:00:00]} 4. f3 {[%emt 0:00:01]} e6 {[%emt 0:00:00]} 5. Be3 {[%emt 0:00:00]} Nf6 {[%emt 0:00:00]} 6. Qd2 {[%emt 0:00:01]} Be7 {[%emt 0:00:01]} 7. Nce2 {[%emt 0:00:01]} d5 {[%emt 0:00:01]} 8. e5 {[%emt 0:00:02]} Nfd7 {[%emt 0:00:01]} 9. c3 {[%emt 0:00:01]} c5 {[%emt 0:00:00]} 10. g3 {[%emt 0:00:02]} c4 {[%emt 0:00:00]} 11. Bh3 {[%emt 0:00:01]} Nc6 {[%emt 0:00:01]} 12. f4 {[%emt 0:00:01]} g6 {[%emt 0:00:01]} 13. Nf3 {[%emt 0:00:01]} Nb6 {[%emt 0:00:01]} 14. a3 {[%emt 0:00:01]} Qd7 {[%emt 0:00:01]} 15. O-O {[%emt 0:00:01]} O-O-O {[%emt 0:00:01]} 16. g4 {[%emt 0:00:03]} h5 {[%emt 0:00:01]} 17. Kh1 {[%emt 0:00:02]} hxg4 {[%emt 0:00:01]} 18. Bxg4 {[%emt 0:00:00]} Rh7 {[%emt 0:00:02]} 19. Ng5 {[%emt 0:00:01]} Bxg5 {[%emt 0:00:01]} 20. fxg5 {[%emt 0:00:00]} Rdh8 {[%emt 0:00:01]} 21. Rf2 {[%emt 0:00:01]} Ne7 {[%emt 0:00:01]} 22. Raf1 {[%emt 0:00:02]} Nf5 {[%emt 0:00:01]} 23. Bxf5 {[%emt 0:00:01]} gxf5 {[%emt 0:00:00]} 24. Rg2 {[%emt 0:00:04]} Qe7 {[%emt 0:00:02]} 25. Rfg1 {[%emt 0:00:01]} Nd7 {[%emt 0:00:01]} 26. Bf4 {[%emt 0:00:01]} Nf8 {[%emt 0:00:01]} 27. a4 {[%emt 0:00:05]} b4 {[%emt 0:00:01]} 28. cxb4 {[%emt 0:00:02]} Ng6 {[%emt 0:00:01]} 29. b5 {[%emt 0:00:02]} axb5 {[%emt 0:00:02]} 30. axb5 {[%emt 0:00:00]} Nxf4 {[%emt 0:00:00]} 31. Nxf4 {[%emt 0:00:01]} Qc7 {[%emt 0:00:02]} 32. Qb4 {[%emt 0:00:02]} Re8 {[%emt 0:00:04]} 33. g6 {[%emt 0:00:01]} fxg6 {[%emt 0:00:01]} 34. Rxg6 {[%emt 0:00:01]} Qe7 {[%emt 0:00:03]} 35. Qa5 {[%emt 0:00:02]} Qc7 {[%emt 0:00:01]} 36. b6 {[%emt 0:00:02]} Qc6 {[%emt 0:00:04]} 37. Rg7 {[%emt 0:00:03]} Rxg7 {[%emt 0:00:01]} 38. Rxg7 {[%emt 0:00:01]} c3 {[%emt 0:00:04]} 39. Rc7+ {[%emt 0:00:01]} Qxc7 {[%emt 0:00:07]} 40. bxc7 {[%emt 0:00:00]} Kd7 {[%emt 0:00:01]} 41. Qxc3 {[%emt 0:00:02]} Rc8 {[%emt 0:00:01]} 42. Qc5 {[%emt 0:00:01]} Rxc7 {[%emt 0:00:00]} 43. Qd6+ {[%emt 0:00:00]} Kc8 {[%emt 0:00:01]} 44. Nxe6 {[%emt 0:00:00]} Rc1+ {[%emt 0:00:01]} 45. Kg2 {[%emt 0:00:01]} Rc2+ {[%emt 0:00:00]} 46. Kg3 {[%emt 0:00:00]} Rc6 {[%emt 0:00:01]} 47. Qd8# {[%emt 0:00:01] (Lag: Av=0.47s, max=1.0s)} 1-0

[Event "182nd Stay Safe Play From Home series"]
[Site "T#646404Emanuel Laske"]
[Date "2020.05.28"]
[Round "6"]
[White "Don59as"]
[Black "Emresenar"]
[Result "1-0"]
[WhiteElo "1973"]
[BlackElo "1745"]
[Annotator "NA"]
[PlyCount "113"]
[EventDate "2020.05.28"]
[EventType "swiss (blitz)"]

1. c4 {[%emt 0:00:02]} b6 {[%emt 0:00:00]} 2. Nc3 {[%emt 0:00:00]} Bb7 {[%emt 0:00:00]} 3. e4 {[%emt 0:00:00]} g6 {[%emt 0:00:00]} 4. g3 {[%emt 0:00:00]} Bg7 {[%emt 0:00:00]} 5. Bg2 {[%emt 0:00:00]} Nf6 {[%emt 0:00:01]} 6. Nge2 {[%emt 0:00:01]} e6 {[%emt 0:00:02]} 7. O-O {[%emt 0:00:01]} d6 {[%emt 0:00:01]} 8. d4 {[%emt 0:00:00]} Nbd7 {[%emt 0:00:01]} 9. b3 {[%emt 0:00:00]} O-O {[%emt 0:00:00]} 10. Bb2 {[%emt 0:00:00]} Qe7 {[%emt 0:00:01]} 11. Rc1 {[%emt 0:00:01]} e5 {[%emt 0:00:00]} 12. Re1 {[%emt 0:00:01]} Rfe8 {[%emt 0:00:01]} 13. Qd2 {[%emt 0:00:02]} exd4 {[%emt 0:00:01]} 14. Nxd4 {[%emt 0:00:00]} Nc5 {[%emt 0:00:02]} 15. Nd5 {[%emt 0:00:01]} Nxd5 {[%emt 0:00:06]} 16. exd5 {[%emt 0:00:01]} Qd7 {[%emt 0:00:03]} 17. b4 {[%emt 0:00:01]} Na6 {[%emt 0:00:04]} 18. a3 {[%emt 0:00:01]} Rad8 {[%emt 0:00:02]} 19. Nc6 {[%emt 0:00:02]} Bxc6 {[%emt 0:00:02]} 20. dxc6 {[%emt 0:00:00]} Qc8 {[%emt 0:00:01]} 21. Bxg7 {[%emt 0:00:01]} Kxg7 {[%emt 0:00:01]} 22. Qd4+ {[%emt 0:00:01]} Kg8 {[%emt 0:00:01]} 23. Qf6 {[%emt 0:00:02]} Qf5 {[%emt 0:00:04]} 24. Qxf5 {[%emt 0:00:02]} gxf5 {[%emt 0:00:00]} 25. Bd5 {[%emt 0:00:00]} Nb8 {[%emt 0:00:06]} 26. Kg2 {[%emt 0:00:01]} Kg7 {[%emt 0:00:01]} 27. Kf3 {[%emt 0:00:01]} Re5 {[%emt 0:00:01]} 28. Kf4 {[%emt 0:00:00]} f6 {[%emt 0:00:01]} 29. Rxe5 {[%emt 0:00:03]} fxe5+ {[%emt 0:00:01]} 30. Kxf5 {[%emt 0:00:00]} Rf8+ {[%emt 0:00:00]} 31. Kg4 {[%emt 0:00:02]} Rxf2 {[%emt 0:00:00]} 32. h4 {[%emt 0:00:00]} a5 {[%emt 0:00:04]} 33. Rc3 {[%emt 0:00:01]} axb4 {[%emt 0:00:01]} 34. axb4 {[%emt 0:00:00]} Na6 {[%emt 0:00:01]} 35. Rb3 {[%emt 0:00:01]} Rf6 {[%emt 0:00:02]} 36. h5 {[%emt 0:00:01]} h6 {[%emt 0:00:01]} 37. Kh4 {[%emt 0:00:01]} Nb8 {[%emt 0:00:01]} 38. b5 {[%emt 0:00:01]} Kf8 {[%emt 0:00:02]} 39. Rf3 {[%emt 0:00:01]} Kg7 {[%emt 0:00:00]} 40. Rxf6 {[%emt 0:00:01]} Kxf6 {[%emt 0:00:00]} 41. g4 {[%emt 0:00:00]} Ke7 {[%emt 0:00:02]} 42. g5 {[%emt 0:00:01]} hxg5+ {[%emt 0:00:00]} 43. Kxg5 {[%emt 0:00:00]} Kf8 {[%emt 0:00:00]} 44. Kf6 {[%emt 0:00:01]} e4 {[%emt 0:00:01]} 45. Bxe4 {[%emt 0:00:01]} Kg8 {[%emt 0:00:00]} 46. Bd5+ {[%emt 0:00:01]} Kh8 {[%emt 0:00:00]} 47. Ke7 {[%emt 0:00:00]} Nxc6+ {[%emt 0:00:01]} 48. bxc6 {[%emt 0:00:01]} b5 {[%emt 0:00:00]} 49. cxb5 {[%emt 0:00:01]} Kh7 {[%emt 0:00:00]} 50. b6 {[%emt 0:00:00]} Kh6 {[%emt 0:00:00]} 51. bxc7 {[%emt 0:00:01]} Kxh5 {[%emt 0:00:00]} 52. c8=Q {[%emt 0:00:00]} Kh4 {[%emt 0:00:00]} 53. Qe6 {[%emt 0:00:00]} Kg3 {[%emt 0:00:00]} 54. Qxd6+ {[%emt 0:00:00]} Kf2 {[%emt 0:00:00]} 55. c7 {[%emt 0:00:00]} Ke2 {[%emt 0:00:00]} 56. Qg3 {[%emt 0:00:01]} Kd1 {[%emt 0:00:00]} 57. c8=Q {[%emt 0:00:01] Zaman (Lag: Av=0.72s, max=1.2s)} 1-0

[Event "182nd Stay Safe Play From Home series"]
[Site "T#646404Emanuel Laske"]
[Date "2020.05.28"]
[Round "6"]
[White "Trotsky"]
[Black "SoulofWolf"]
[Result "0-1"]
[WhiteElo "1581"]
[BlackElo "2117"]
[PlyCount "34"]
[EventDate "2020.05.28"]
[EventType "swiss (blitz)"]

1. d4 {[%emt 0:00:01]} c5 {[%emt 0:00:00]} 2. e3 {[%emt 0:00:01]} e6 {[%emt 0:00:01]} 3. c4 {[%emt 0:00:01]} Nf6 {[%emt 0:00:00]} 4. Nc3 {[%emt 0:00:01]} d5 {[%emt 0:00:01]} 5. Nf3 {[%emt 0:00:01]} Be7 {[%emt 0:00:00]} 6. Qc2 {[%emt 0:00:01]} O-O {[%emt 0:00:00]} 7. Bd3 {[%emt 0:00:02]} Nc6 {[%emt 0:00:00]} 8. a3 {[%emt 0:00:01]} h6 {[%emt 0:00:00]} 9. h4 {[%emt 0:00:01]} a5 {[%emt 0:00:01]} 10. Ng5 {[%emt 0:00:01]} b6 {[%emt 0:00:01]} 11. Bd2 {[%emt 0:00:01]} Ba6 {[%emt 0:00:02]} 12. Bh7+ {[%emt 0:00:02]} Kh8 {[%emt 0:00:01]} 13. cxd5 {[%emt 0:00:01]} exd5 {[%emt 0:00:01]} 14. e4 {[%emt 0:00:02]} Nxd4 {[%emt 0:00:01]} 15. Qb1 {[%emt 0:00:02]} dxe4 {[%emt 0:00:10]} 16. Bxe4 {[%emt 0:00:05]} Nb3 {[%emt 0:00:08]} 17. Ra2 {[%emt 0:00:03]} Qxd2# {[%emt 0:00:02] (Lag: Av=0.29s, max=0.5s)} 0-1